LEADER 02027nam a2200265 i 4500 001 000000030865 003 CaOOAMICUS 005 20220113094851.0 008 180830s17211724it u000 u lat u 040 $aSeMil$bita 100 1 $aPetau, Denys ,$c.$0(OLS)http://semarc/name/90107 245 10$aDionysii Petavii Aurelianensis ... Opus de theologicis dogmatibus, auctius in hac novissima editione libro de Tridentini Concilii Interpretatione, Libris 2., Dissertationum Ecclesiasticarum, Diatribâ de potestate consecrandi, libris 8. De poenitentia publica. Tomus 1. [-6.]. 260 $aVenetiis :$bapud Aloysium Pavinum,$c1721-1724. 300 $a6 v. ;$c40 cm. 500 $aFront. stampato in rosso e nero. - Marca calcogr. n.c. (la Ragione) sui front. 700 1 $aPavino, Alvise,$c.$0(OLS)http://semarc/name/14247 774 0 $tTomus primus, in quo de deo uno, deique proprietatibus agitur.$g1$w()47769 774 0 $tTomus secundus in quo de Sanctissima trinitate agitur.$g2$w()235291 774 0 $tTomus tertius in quo de Angelis, de Mundi opificio, de Pelagianis ac Semipelagianis, deque Tridentini Concilii interpretatione, & S. Augustini doctrina disseritur.$g3$w()235290 774 0 $tTomus quartus in quo de hierarchia ecclesiastica, de potestate consecrandi, déque poenitentia publica & præparatione ad communionem agitur.$g4$w()235292 774 0 $tTomus quintus, in quo de incarnatione verbi libri priores novem.$g5$w()235293 774 0 $tTomus sextus in quo de incarnatione verbi posteriores septem, una cum appendice ad librum 13.$g6$w()235294 996 $6245$aDionysii Petavii Aurelianensis ... Opus de theologicis dogmatibus, auctius in hac novissima editione libro de Tridentini Concilii Interpretatione, Libris 2., Dissertationum Ecclesiasticarum, Diatribâ de potestate consecrandi, libris 8. De poenitentia publica. Tomus 1. [-6.]$9(OLS)http://semarc/title/41999 996 $6260$aVenetiis :$bapud Aloysium Pavinum$9(OLS)http://semarc/publisher/38697 LEADER 01122nam a2200265 i 4500 001 000000123794 003 CaOOAMICUS 005 20230925122645.0 008 040503s2000 it u000 u mul u 013 $a96490 040 $aSeMil$bita 100 1 $aStrazzullo, Franco.$0(OLS)http://semarc/name/8409 245 10$aNeapolitanae Ecclesiae cathedralis inscriptionum thesaurus /$cFranco Strazzullo. 260 $aNapoli :$bArte Tipografica,$c2000. 300 $a229 p., [16] p. di tav. :$briccamente ill. ;$c31 cm. 500 $aFondo Card. C.M. Martini. 650 4$aNapoli - Chiese - Cattedrale di Santa Maria Assunta (Duomo).$0(OLS)http://semarc/subject/54456 650 4$aEpitafi - Napoli.$0(OLS)http://semarc/subject/23727 850 $aSeMil 852 $aSeMil$W1$xVenegono$y1$m5M VII 66$j78440$B78440$CSeMilBibl$Z2$F82502 $81 941 1 $a4 961 $aOmaggio: Martini Card. Carlo Maria 996 $6245$aNeapolitanae Ecclesiae cathedralis inscriptionum thesaurus$9(OLS)http://semarc/title/182046 996 $6260$aNapoli :$bArte Tipografica$9(OLS)http://semarc/publisher/45777